Československo a úsilí o upevnění bezpečnosti a spolupráce v Evropě

Guardado en:
Detalles Bibliográficos
Formato: Libro
Lenguaje:checo
Publicado: Praha Orbis 1987
Edición:1. vyd.
Etiquetas: Agregar Etiqueta
Sin Etiquetas, Sea el primero en etiquetar este registro!

MARC

LEADER 00000nam a2200000 4500
001 c028747
005 20221219105926.0
041 0 |a cze 
044 |a CZ 
245 1 0 |a Československo a úsilí o upevnění bezpečnosti a spolupráce v Evropě 
250 |a 1. vyd. 
264 1 |a Praha  |b Orbis  |c 1987 
300 |a 74 s.